Celostný manažment piliere kompetentnosti v riadení

Na minha lista:
Detalhes bibliográficos
Autor principal: Porvazník, Ján
Formato: Livro
Idioma:eslovaco
Publicado em: Bratislava SPRINT vfra 1999
Colecção:Nová ekonómia
Assuntos:
Tags: Adicionar Tag
Sem tags, seja o primeiro a adicionar uma tag!

MARC

LEADER 00000nam a2200000 4500
001 c115225
005 20221123132551.1
020 |a 80-88848-36-9 
041 0 |a slo 
044 |a SK 
245 1 0 |a Celostný manažment  |b piliere kompetentnosti v riadení  |c Ján Porvazník 
264 1 |a Bratislava  |b SPRINT vfra  |c 1999 
300 |a 493 s. 
490 1 |a Nová ekonómia 
830 0 |a Nová ekonómia 
610 2 0 |a manažment 
610 2 0 |a riadenie 
610 2 0 |a riadenie podnikové 
610 2 0 |a vývoj 
610 2 0 |a manažéri 
610 2 0 |a pracovníci riadiaci 
610 2 0 |a organizácie 
610 2 0 |a podnik 
610 2 0 |a vedomosti 
610 2 0 |a modely 
610 2 0 |a informácie 
610 2 0 |a metódy riadenia 
610 2 0 |a komunikácia manažérska 
610 2 0 |a motivácia 
610 2 0 |a skupiny pracovné 
610 2 0 |a vzdelávanie 
100 1 |a Porvazník, Ján